000
00272nam a2200109Ia 4500
008
190216s9999||||xx |||||||||||||| ||und||
100
_a
William R Spriegel
245
0
_a
Industrial Management
260
_b
Prentice Hall Of India Pvt Ltd
_c
1955
300
_a
376p
942
_c
BK
999
_c
4496
_d
4496